Gaming Quiz

Random Gaming or Board Games Quiz

Fancy Pants Monopoly Boards Quiz Stats

 Plays Quiz Updated Apr 25, 2016

Challenge
Share
Tweet
Score 0/20 Timer 06:00
3 Plays Today
% Correct
The Simpsons
99.6%
Family Guy
96.8%
The Wizard of Oz
96.3%
Nintendo
95.5%
Elvis Presley
95.5%
The Beatles
93.1%
Pirates of the Caribbean
91.2%
Sonic the Hedgehog
88.9%
Seinfeld
88.3%
The Rolling Stones
88%
% Correct
Doctor Who
83.6%
The Nightmare Before Christmas
83.4%
Brave
82.3%
Boston Celtics
75.2%
St. Louis Cardinals
67.3%
Minnesota Vikings
66.2%
Street Fighter
49.2%
Arsenal F.C.
45.6%
Metallica
42.9%
World of Warcraft
42.1%

You're not logged in!

Compare scores with friends on all Sporcle quizzes.
OR
Log In

You Might Also Like...

Show Comments

Extras

Top Quizzes Today


Score Distribution

Your Account Isn't Verified!

In order to create a playlist on Sporcle, you need to verify the email address you used during registration. Go to your Sporcle Settings to finish the process.

Report this User

Report this user for behavior that violates our Community Guidelines.

Details: